00931nam a22002057a 45000010005000000030006000050050017000110080041000280200017000690400032000860500015001180820010001331000017001432450033001602500019001932600030002123000025002425200424002676500034006912639FISKH20240115093427.0240108b cb ||||| |||| 00| 0 eng d a350530014661 aFISKH bengcFISKH dFISKH  aPZ7.L87734 a813.6 aDRAKE, Tony  aHalf a chance /cTony Drake  aReprinted 1983 aLondon : bCollins,c1982 a174 pages : c22 cm  aKasinski sang into the mike and the rest of the band, the Level Heads, joined in the chorus. It was their great moment! At last they had a gig. All those hours of rehearsals, all those set-backs, problems and disappointments, and now they were being asked for an encore! Shakes had started it: he had always wanted to play in a band, and as there was no band he could join, why not form his own? easier said than done.  aChorus vJuvenile Literature